[Event "Sharjah Master 2024"]
[Site "Shsrjah - Abu Dhabi"]
[Date "2024.05.17"]
[Round "?"]
[White "Sarana, Alexey"]
[Black "Vakhidov, Jakhongir"]
[Result "1-0"]
[WhiteElo "2706"]
[BlackElo "2599"]
[PlyCount "103"]
[EventDate "2024.05.14"]
[EventCountry "UAE"]

{[%evp 10,103,53,53,66,70,72,72,67,71,55,58,79,78,83,52,82,87,210,209,203,207,207,202,254,223,246,232,238,217,210,224,258,232,263,246,248,248,291,291,291,292,292,291,291,288,276,283,293,281,298,293,298,237,315,306,331,329,328,326,369,375,473,472,511,485,476,387,387,381,429,427,423,415,494,492,562,561,516,450,597,595,586,580,682,682,677,681,663,663,797,747,743,737,714,712]} 1. d4 Nf6 2. c4 g6 3. Nc3 Bg7 4. e4 d6 5. Be2 O-O 6. Be3 a5 7. Nf3 Ng4 8. Bg5 h6 {White is better.} 9. Bh4 ({RR} 9. Bc1 e5 10. h3 exd4 11. Nxd4 Nf6 12. Be3 Re8 13. f3 Nh5 14. g4 Ng3 15. Rg1 Nxe2 16. Qxe2 a4 17. O-O-O a3 18. b3 Nc6 19. Qd2 Kh7 20. h4 Ne5 21. Rgf1 Bd7 22. g5 h5 $1 23. Nde2 (23. f4 $14 Ng4 24. f5) 23... Bc6 {Bronstein,O (2458)-Haldorsen,B (2419) Orosei ITA 2024 ½-½ (93)} (23... Bh3 $11 24. Rf2 Bd7)) 9... Nf6 10. h3 Nc6 $146 ({RR} 10... Nh5 {10...g5 0.44} 11. Qd2 g5 12. Nxg5 hxg5 13. Qxg5 Nf6 14. e5 (14. Rd1 $16) 14... Nh7 15. Qh5 $2 (15. Qg3 $14 {stays ahead.}) 15... Nc6 $2 (15... dxe5 $1 $17 16. dxe5 Ra6) 16. Nd5 ({Better is} 16. Rd1 $14) 16... f5 17. g4 (17. f4 $11) 17... Be6 $2 ({Black should try} 17... dxe5 $17 18. dxe5 Be6) 18. g5 $1 {[%cal Rg5g6]} Re8 $1 19. Rd1 dxe5 20. dxe5 Nxe5 21. g6 Nf8 22. Nf4 $2 ({White has to play} 22. Nxe7+ $1 $15 Qxe7 23. Bxe7 Rxe7 24. O-O) 22... Qc8 23. Rg1 Bxc4 24. Bxc4+ Nxc4 25. Bg5 {Ohanyan,E (2456)-Ivic,V (2570) Samarkand UZB 2023 0-1 (38)}) 11. d5 Nb4 12. Qd2 Nd7 13. a3 {[%cal Ba2a3,Ba3b4][%mdl 32]} Nc5 $2 {Mistake. Na6 was best.} (13... Na6 14. Rd1) (13... Na6 $16) 14. axb4 $18 Nb3 15. Qd1 Nxa1 16. b5 $1 (16. Qxa1 $6 Bxh3 17. Rxh3 axb4 $16) 16... c5 $6 {Inaccuracy. a4 was best.} (16... a4 17. Qxa1 a3 18. O-O c6 19. dxc6 bxc6 20. bxc6 Bxc3 21. bxc3 Qc7 22. Qc1) 17. Qxa1 $6 {Inaccuracy. Na4 was best.} (17. Na4 f5 18. exf5 Bxf5 19. Qxa1 Qe8 20. O-O g5 21. Bg3 Qg6 22. Qc1 Rae8) 17... f5 18. exf5 g5 19. Bg3 a4 20. Qa3 Qa5 21. f6 Bxf6 22. Bd3 Qb4 {And now ...Qxa3 would win.} 23. Kd2 g4 24. hxg4 Bxg4 25. Kc2 (25. Rxh6 Bxf3 26. Rg6+ Kf7 $14) 25... Bxf3 26. gxf3 Bxc3 27. Qxc3 Qxc3+ 28. Kxc3 (28. bxc3 Rxf3 29. Rxh6 a3 $18) 28... Rxf3 29. Ra1 ({Don't go for} 29. Rxh6 $2 a3 $19) 29... Kg7 30. Kd2 h5 31. Ra3 Kh6 {and the idea ...Kg5 leaves Black hopeful.} 32. Ke2 Raf8 {[#] intending ...Kg5.} 33. Ra1 $1 ({Less strong is} 33. Rxa4 Kg5 $14) 33... R3f6 34. f4 ({Don't do} 34. Rxa4 e5 $18) 34... Rg8 35. Kf3 Rff8 $6 {Inaccuracy. Rgf8 was best.} (35... Rgf8 36. Re1 R6f7 37. f5 Ra8 38. Bh4 a3 39. bxa3 Rxa3 40. Re6+ Kh7 41. Ke4) 36. Re1 Rf7 37. Re6+ Kg7 38. Be1 Kf8 39. Rh6 Rfg7 40. Bf2 Ke8 41. Rxh5 Kd7 42. b6 {White is clearly winning.} Kc8 43. Bc2 Rf8 44. Bxa4 Rgg8 45. Rh7 Rh8 46. Rxe7 Rh3+ 47. Bg3 {Threatens to win with Rc7+.} Rh1 48. Bd7+ Kd8 49. Rg7 {Hoping for Be6.} Rf1+ $6 {Inaccuracy. Rh7 was best.} (49... Rh7 50. Rxh7 Rxf4+ {[#]} 51. Kg2 $1 Rf2+ 52. Kh3 Rh2+ 53. Kg4 Rxh7 54. Be6 Rg7+ 55. Kf3) 50. Kg2 {White wants to mate with Bh4+.} Rh8 51. Be6 Rb1 52. Rxb7 {Accuracy: White = 93%, Black = 54%.} 1-0

[Event "Sharjah Master 2024"]
[Site "Shsrjah - Abu Dhabi"]
[Date "2024.05.17"]
[Round "?"]
[White "Nesterov, Arseniy"]
[Black "Fedoseev, Vladimir"]
[Result "0-1"]
[WhiteElo "2589"]
[BlackElo "2701"]
[PlyCount "150"]
[EventDate "2024.05.14"]
[EventCountry "UAE"]

{[%evp 9,150,27,26,27,35,36,34,39,38,37,39,33,66,76,54,44,57,36,34,29,32,30,33,31,49,36,40,38,57,64,52,4,26,33,26,7,21,6,7,7,38,0,0,0,0,-4,-1,-2,-2,-1,-1,-5,17,0,0,0,0,0,0,0,0,-37,0,-2,-5,-58,-12,-19,-19,-19,-5,-4,-5,-3,-4,-4,-3,-6,-3,-7,-3,-5,5,-1,3,0,0,0,0,0,0,0,0,0,0,0,0,0,0,0,0,0,0,0,0,0,0,0,0,0,0,0,0,0,0,0,0,0,0,-228,-229,-387,-382,-382,-362,-29965,-29966,-29966,-29968,-29959,-29960,-29959,-29961,-29965,-29966,-29978,-29980,-29979,-29980,-29979,-29980,-29979,-29979]} 1. d4 d5 2. c4 e6 3. Nf3 a6 4. cxd5 exd5 5. Nc3 Nf6 6. Bg5 Be6 7. e3 Nbd7 8. Bd3 {White is slightly better.} Bd6 9. O-O ({RR} 9. h3 c6 10. Bf4 Qc7 11. Qd2 O-O 12. O-O Rfe8 13. Rfe1 Nb6 14. b3 g6 15. Bxd6 Qxd6 16. Ne5 Nfd7 17. f4 f6 18. Nf3 Bf7 19. e4 dxe4 $1 20. Nxe4 Qc7 21. f5 Nd5 22. fxg6 hxg6 23. Qh6 Qf4 {Firouzja,A (2760)-So,W (2757) chess.com INT 2024 ½-½ (33)}) 9... c6 10. Bf4 Bxf4 $146 ({RR} 10... Qc7 11. Qd2 h6 12. Rab1 Bg4 13. Bxd6 Qxd6 14. Nh4 O-O 15. h3 (15. f4 $16) 15... Be6 16. Rfc1 Nb6 17. Nf3 Rfe8 18. Ne5 Nfd7 19. f4 f6 20. Nf3 Nf8 21. Ne2 Qd7 22. Ng3 Nc8 23. f5 ({White should play} 23. Re1 $14) 23... Bf7 24. b3 Nd6 25. Re1 {Krasteva,B (2251)-Ushenina,A (2415) Monaco MNC 2024 0-1 (62)}) ({RR} 10... Qc7 11. Qd2 O-O 12. h3 g6 13. Rfe1 Rfe8 14. b4 Nh5 15. Bh2 Bxh2+ 16. Nxh2 Ng7 17. a4 Nb6 18. Nf3 Bf5 19. Bf1 Red8 20. Rec1 Qe7 21. Qb2 Ne8 22. a5 Nd7 23. Na4 Nd6 24. Nc5 Re8 25. Re1 {Lysyj,I (2589)-Svane,R (2637) chess.com INT 2024 0-1 (71)}) ({RR} 10... Qc7 11. Qd2 O-O 12. Ng5 Bg4 13. f3 Bh5 14. Nh3 Bg6 15. Bxg6 hxg6 16. Rac1 Bxf4 17. exf4 Rfe8 18. Nf2 b6 19. Nd3 c5 20. Ne5 Qb7 21. b3 Rac8 22. Rfd1 cxd4 23. Qxd4 Nf8 24. Ne2 Ne6 25. Qd2 {Vakhidov,J (2599)-Begmuratov,K (2385) Tashkent UZB 2024 0-1 (52)}) 11. exf4 {And now f5 would win.} g6 12. Re1 O-O 13. Qc2 Bg4 14. Ne5 Nxe5 15. fxe5 Nh5 16. Qd2 f6 17. f3 Be6 18. Na4 Qc7 19. Nc5 Rae8 20. Qh6 $6 {Inaccuracy. exf6 was best. Strongly threatening Bxg6!} (20. exf6 Qf4) 20... Ng7 21. exf6 Rxf6 22. Re5 a5 23. Qh4 Rff8 24. Rae1 {[%cal Rc5e6]} Bc8 25. Qg5 Rxe5 26. Rxe5 Qd6 {Threatening ...b6.} 27. Qe7 Qxe7 28. Rxe7 b6 29. Na4 Rf4 30. Nxb6 Be6 31. Na4 Rxd4 32. Nc5 Bf5 33. Ba6 Kf8 34. Re2 Kf7 35. Kf2 Rb4 (35... Ne6 $5 {[%cal Re6c5]} 36. Nb7 Rb4 $11) 36. g4 {Threatens to win with a3.} Ne6 37. Nb7 {[#]} Bd3 $1 {[%mdl 512]} 38. Nd6+ (38. Bxd3 Rxb7) 38... Ke7 39. Nc8+ Kd8 40. Bxd3 Nf4 {[%mdl 64] Double Attack} 41. Na7 $1 {[%cal Ra7c6]} Nxd3+ $11 {[%mdl 4096] Endgame KRN-KRN} 42. Ke3 $132 {[%mdl 2048] White is not holding back} Ne5 {White must now prevent ...Kd7.} 43. Kf2 Rb7 {White should prevent ...Nd3+.} 44. Rxe5 Rxa7 {KR-KR} 45. Re6 Rb7 46. b3 Rc7 47. h4 Kd7 48. Rf6 Ke7 49. g5 a4 {[%cal Ba5a4,Ba4a3,Ba3a2][%mdl 32]} 50. b4 c5 51. bxc5 Rxc5 52. Ra6 Rc2+ 53. Ke3 Rxa2 54. Kd4 a3 55. Kxd5 Rd2+ 56. Ke4 a2 57. f4 Rf2 58. Ke3 Rh2 59. Kf3 Kd7 60. Kg4 Rg2+ 61. Kf3 Rc2 62. Kg4 Kc7 {aiming for ...Kb7.} 63. h5 Kb7 64. Ra3 $4 {Blunder. Ra4 was best.} (64. Ra4 $1 Kb6 65. hxg6 $1 hxg6 66. f5 Rc4+ 67. Rxc4 a1=Q 68. fxg6 Qd1+ 69. Kh4 Qf1) (64. Ra4 $1 $11 {and White has nothing to worry.}) 64... Kb6 $1 $19 65. Ra8 $2 {[#] Mistake. hxg6 was best.} (65. hxg6 hxg6 66. f5 Rc4+ 67. Kg3 Rc3+ $1 68. Rxc3 a1=Q 69. Rb3+ Kc5 70. fxg6 Qe1+) (65. hxg6 {was the only chance.} hxg6 66. Kf3 Rc3+ {[%mdl 64] Promotion} 67. Rxc3) 65... Kb5 $1 66. Ra7 Kb4 67. Rb7+ $2 (67. h6 $19) 67... Kc3 {Black mates.} 68. Ra7 Kb2 69. Rb7+ Kc1 70. Ra7 Kb1 71. hxg6 $6 {Inaccuracy. Kf3 was best.} (71. Kf3 Rc4 72. Rb7+ Kc2 73. Ra7 Kb2 74. Ra5 a1=Q 75. Rxa1 Kxa1 76. Ke3 Kb2) 71... hxg6 72. f5 {[#]} Rc4+ $1 73. Kf3 $4 {Checkmate is now unavoidable. Kg3 was best.} (73. Kg3 gxf5 74. Rb7+ Kc2 75. Ra7 Kb2 76. Kf3 a1=Q 77. Rxa1 Kxa1 78. Kg3 Rg4+) 73... gxf5 74. Rb7+ Kc2 75. Ra7 Kb2 {Accuracy: White = 79%, Black = 89%.} 0-1

[Event "Sharjah Master 2024"]
[Site "Shsrjah - Abu Dhabi"]
[Date "2024.05.17"]
[Round "?"]
[White "Krzyzanowski, Marcin"]
[Black "Sindarov, Javokhir"]
[Result "0-1"]
[WhiteElo "2526"]
[BlackElo "2684"]
[PlyCount "80"]
[EventDate "2024.05.14"]
[EventCountry "UAE"]

{[%evp 12,80,38,8,7,12,10,7,21,38,63,48,72,37,57,15,15,16,18,21,24,-36,-52,-41,-36,-29,-30,-20,-17,-96,-103,-110,-92,-156,-91,-98,-69,-68,-71,-77,-73,-70,-62,-242,-256,-255,-275,-321,-316,-337,-235,-271,-260,-316,-311,-307,-307,-321,-316,-350,-348,-368,-363,-372,-364,-353,-317,-387,-394,-553,-556]} 1. e4 c5 2. Nf3 e6 3. d4 cxd4 4. Nxd4 Nf6 5. Nc3 Nc6 6. a3 Be7 7. Be3 O-O 8. Be2 d6 9. Qd3 a6 $146 {The position is equal.} ({RR} 9... Bd7 10. f4 e5 11. Nxc6 Bxc6 12. O-O-O Qc8 13. g4 ({Better is} 13. Rhf1 $16) 13... Nxg4 (13... exf4 $1 $11 14. Bxf4 Qe6) 14. Bxg4 Qxg4 15. Rhg1 Qh4 16. f5 $1 Rad8 (16... Kh8 $16 {is a better defense.}) 17. Qe2 g6 18. Rg4 Qh5 19. Qf3 (19. Bxa7 $18 d5 20. fxg6 fxg6 21. exd5) 19... Kh8 $2 {[%mdl 8192]} (19... d5 $16) 20. f6 Qxg4 21. Qxg4 Bxf6 22. Bg5 Bxg5+ 23. Qxg5 f6 24. Qe3 {Eljanov,P (2704)-Oparin,G (2664) chess.com INT 2024 1-0 (35)}) ({RR} 9... e5 10. Nb3 Be6 11. Nd5 Bxd5 12. exd5 e4 13. Qb5 Ne5 14. Qxb7 a5 15. Rd1 (15. O-O-O $14) 15... a4 16. Nd4 Rb8 17. Qa7 Ra8 18. Qb7 Rb8 19. Qa6 Nxd5 20. Nc6 Nxc6 21. Rxd5 Qc8 22. Qxa4 Rxb2 23. O-O Ne5 24. Qxe4 {Haubro,M (2421)-Willow,J (2445) Cambridge ENG 2024 0-1 (36)}) ({RR} 9... e5 10. Nb3 Be6 11. Rd1 Ne8 12. O-O Bg5 13. Nd5 Bxd5 14. exd5 Nb8 $1 15. Bxg5 Qxg5 16. Qb5 b6 17. a4 Qd8 18. a5 Nc7 19. Qb4 Nba6 20. Qa4 Nc5 21. Nxc5 bxc5 22. c3 Qe8 23. Qc4 Rc8 24. b4 {Agmanov,Z (2460)-Dukic,Z (2266) Sant Boi ESP 2023 1-0 (77)}) 10. f4 Qc7 11. O-O-O e5 12. Nf3 Rd8 13. Nd5 Nxd5 14. exd5 exf4 15. Bxf4 Ne5 16. Qb3 $6 {Inaccuracy. Nxe5 was best.} (16. Nxe5) (16. Nxe5 $11 dxe5 17. d6 Qxd6 18. Qe4) 16... Bf5 $36 {[%mdl 2048] Black is pushing.} 17. Nd4 Be4 18. Rhe1 Bg6 ({Don't play} 18... Bxg2 19. Bh5 $14) 19. Kb1 Rac8 20. Rd2 $6 {Inaccuracy. g4 was best.} (20. g4) (20. g4 $11 {remains equal.}) 20... Bf6 $17 21. Ka2 Re8 22. Rc1 $6 {Inaccuracy. Bf1 was best.} (22. Bf1 h5 23. g3 Nd7 24. Rxe8+ Rxe8 25. Qb4 {[#]} Nc5 $1 26. Nb3 {[#]} Ne4 $1 27. Re2 b5) (22. Bf1 $142) 22... b5 $6 {Inaccuracy. Nd7 was best.} (22... Nd7 23. Bf3 h6 24. Qb4 Ne5 25. Re1 Qd7 26. Bxe5 Rxe5 27. Red1 Bg5 28. Re2) ({Black should try} 22... Nd7 {...Bxd4 is the strong threat.} 23. Bf3 Ne5) 23. Nc6 Nxc6 24. dxc6 Qxc6 25. Bf3 Qc4 26. g3 Be5 27. Bd5 $2 {Mistake. Qxc4 was best.} (27. Qxc4 Rxc4) (27. Qxc4 $15 bxc4 28. Rd5) 27... Bxf4 $19 28. gxf4 Qxf4 29. Rcd1 $6 {Inaccuracy. Qb4 was best.} (29. Qb4 Qxb4 30. axb4 Bf5 31. b3 Kf8 32. Kb2 Rc7 33. Ra1 Re5 34. c4 Bc8) 29... Rc7 30. Rg2 Kh8 $6 {Inaccuracy. Re3 was best.} (30... Re3 31. Rf1 Qe5 32. c3 Re1 33. Rgg1 Rxf1 34. Rxf1 Qxh2 35. Qb4 h5 36. Qa5) 31. c3 Re5 32. Qb4 Qxb4 33. axb4 f5 34. Bb3 Rd7 35. Rd4 {Black must now prevent Rxg6!} d5 36. Rgd2 Bf7 37. c4 bxc4 38. Bxc4 Rd6 39. Bd3 g5 40. Rc2 $6 {[#] Inaccuracy. b5 was best.} (40. b5 axb5 41. Bxb5 Kg7 42. b4 Re4 43. Bf1 Kf6 44. b5 Ke5 45. R4d3 d4+) (40. h4 $142 g4 41. Kb3) 40... Re4 $1 {Accuracy: White = 44%, Black = 80%.} 0-1

[Event "Sharjah Master 2024"]
[Site "Shsrjah - Abu Dhabi"]
[Date "2024.05.17"]
[Round "?"]
[White "Ter-Sahakyan, Samvel"]
[Black "Muradli, Mahammad"]
[Result "0-1"]
[WhiteElo "2650"]
[BlackElo "2560"]
[PlyCount "80"]
[EventDate "2024.05.14"]
[EventCountry "UAE"]

{[%evp 13,80,25,36,21,44,46,68,25,19,21,16,19,21,28,28,9,11,10,21,-1,-7,-42,18,20,16,17,43,40,44,18,43,-20,86,91,92,94,88,11,141,132,182,-35,-75,-108,-114,-202,-100,-146,-159,-157,-123,-273,0,0,205,-384,-366,-430,-429,-442,-430,-501,-499,-627,-617,-676,-676,-29991,-29992]} 1. e4 c5 2. Nf3 d6 3. d4 cxd4 4. Nxd4 Nf6 5. Nc3 a6 6. Be3 e5 7. Nb3 Be6 8. h3 Be7 9. Qf3 O-O 10. O-O-O {White is slightly better.} b5 11. g4 b4 $1 {[%cal Rb4c3]} 12. Nd5 Nxd5 13. exd5 Bc8 14. Kb1 a5 $146 {[%cal Ba6a5,Ba5a4,Ba4b3][%mdl 32]} ({RR} 14... Nd7 15. Nd2 a5 16. Ne4 a4 17. Bb5 Ra5 18. c4 (18. Qe2 $1 $11 {remains equal.}) 18... bxc3 $1 19. Nxc3 Nb6 (19... a3 $15) 20. Qe4 f5 21. Qb4 Ra8 $1 22. Nxa4 Nxa4 23. Bxa4 Bd7 (23... h5 $14) 24. Bc6 Rb8 25. Qa4 $1 Be8 26. gxf5 $1 Bh5 27. Rc1 Bf3 (27... Rxf5 $16 28. Bd7 Rf8) 28. Rhg1 Bf6 29. Ba7 {Kong,X (2401)-Wang,S (2429) Qingdao CHN 2024 1-0 (79)}) 15. Nd2 a4 16. Ne4 Qc7 17. g5 b3 $6 {Inaccuracy. Nd7 was best.} (17... Nd7 18. Bd3 a3 19. b3 g6 20. h4 f5 $1 21. gxf6 $1 Nxf6 22. Qe2 Bf5 23. Nxf6+) (17... Nd7 $15) 18. cxb3 $11 axb3 19. Rc1 $1 {[%cal Rc1c7]} (19. axb3 g6 $17) 19... Qa5 {[%csl Ga8,Gb3][%cal Ra5a2]} 20. a3 Nd7 $1 21. Rg1 Kh8 22. Nf6 ({Better is} 22. Nd2 $14) 22... g6 $6 {Inaccuracy. Nxf6 was best.} (22... Nxf6 23. gxf6) (22... Nxf6 $11 23. gxf6 Bxf6) 23. Bd3 $16 {aiming for Rxc8!} Bxf6 24. gxf6 Ba6 25. Be4 $6 {Inaccuracy. Bxa6 was best.} (25. Bxa6 Qxa6) (25. Bxa6 $16 Qxa6 26. Rgd1) 25... Rfc8 $2 {Mistake. Qa4 was best.} (25... Qa4 $1 26. Rg4 Qb5 $1 27. Re1 Qa5 $1 28. Reg1 Qb5 29. Re1) (25... Qa4 $1 $11 {keeps the balance.}) 26. Rc6 Bb5 27. Rxc8+ $4 {Blunder. Rgc1 was best.} (27. Rgc1) ({And not} 27. Rxd6 Rc4 $11) (27. Rgc1 $18 Qd8 28. R1c3) 27... Rxc8 $15 28. h4 $6 {Inaccuracy. Ka1 was best.} (28. Ka1) 28... Qa6 $1 {And now ...Be2 would win.} 29. Ka1 (29. Bh6 $17 {might work better.} Rc4 30. Bf5) 29... Bd3 $6 {Inaccuracy. Be2 was best.} (29... Be2 $1 30. Qg3 Nxf6 31. Bb1 Qb5 32. Re1 Nxd5 33. Bh6 Nf6 34. Bg5 (34. Qe3 $142 Ng4 35. Qxe2 Qxe2 36. Rxe2 Nxh6 37. h5) 34... Nh5 35. Qh3) (29... Be2 $1 $19 {[%cal Re2f3] and Black stays clearly on top.} 30. Qg2 Nxf6) 30. Bxd3 Qxd3 31. h5 Rc2 32. Rd1 {[#]} (32. hxg6 {is a self mate.} Rxb2 $1 {[%mdl 512]} 33. Qe2 Rxe2 34. g7+ Kg8 35. Bd2 Qxd2 36. Rh1 Qb2#) (32. Rb1 $17) 32... Qc4 $4 $40 {[%mdl 128] Blunder. Rxf2 was best. Black attacks.} (32... Rxf2 33. Rxd3 Rxf3 34. Rxb3 gxh5 35. a4 h4 $1 36. Ka2 Nxf6 37. a5 h3 $1 38. Bg1) (32... Rxf2 $1 $19 {[%mdl 512]} 33. Rxd3 (33. Bxf2 Qxf3) 33... Rxf3 34. Rxb3 gxh5) 33. Rb1 $1 $11 {Black must now prevent hxg6.} ({Don't go for} 33. hxg6 $2 Rxb2 $1 {[%mdl 512]} 34. Qf5 Ra2+ 35. Kb1 fxg6 $19) 33... Kg8 $2 {Mistake. Qc3 was best.} (33... Qc3 34. hxg6 Rxb2 $1 35. Rxb2 Qe1+ 36. Rb1 Qc3+) (33... Qc3 $11 {and Black stays safe.}) 34. h6 $4 {Blunder. hxg6 was best.} (34. hxg6 $1 hxg6 {[#]} 35. Bg5 $1 Qe2 36. Qxb3 Qxf2 37. Qa4 Nf8 38. Bh6 Rc8 {[#]} 39. Bg7 $1 Rd8) (34. hxg6 $1 $18 hxg6 35. Bg5) 34... Kf8 $19 35. Bg5 Ke8 36. Qe3 Nc5 37. Qe1 $6 {Inaccuracy. f3 was best.} (37. f3 Qxd5 38. f4 e4 39. Qg1 Kd7 40. f5 Qxf5 41. Be3 Nd3 42. Ba7 Qd5) 37... Qa4 38. Rd1 Ne4 {( -> ...Nc3!)} 39. Bc1 Qc4 40. f4 $4 {Checkmate is now unavoidable. Qf1 was best.} (40. Qf1 Nxf2 41. Qxc4 Rxc4 42. Rg1 Nd3 43. Bg5 Kd7 44. Be3 Rc2 45. Rd1 Re2) 40... Nf2 {Accuracy: White = 39%, Black = 65%.} 0-1

[Event "Sharjah Master 2024"]
[Site "Shsrjah - Abu Dhabi"]
[Date "2024.05.17"]
[Round "?"]
[White "Zemlyanskii, Ivan"]
[Black "Nguyen, Thai Dai Van"]
[Result "1/2-1/2"]
[WhiteElo "2516"]
[BlackElo "2649"]
[PlyCount "93"]
[EventDate "2024.05.14"]
[EventCountry "UAE"]

1. e4 c5 2. Nf3 Nc6 3. Bb5 e6 4. Bxc6 bxc6 5. d3 Qc7 6. O-O Ne7 7. h4 ({RR} 7. Nh4 Ng6 8. Qh5 Nxh4 9. Qxh4 Be7 10. Qh5 O-O 11. c4 d6 12. Nc3 Bf6 13. Qd1 Rb8 14. Qc2 Be5 15. Be3 f5 16. exf5 exf5 17. f4 Bf6 18. Rae1 Re8 19. Bf2 Be6 20. b3 Bf7 21. Qd2 Qa5 {Kraemer,M (2579)-Anton Guijarro,D (2653) Neuwied GER 2024 ½-½ (89)}) 7... d6 $146 ({RR} 7... h5 8. e5 Ng6 9. Qe1 f6 10. exf6 {½-½ (10) Agmanov,Z (2458)-Perea Fruet,L (2310) San Vicente ESP 2024}) 8. h5 h6 9. e5 dxe5 10. Re1 g5 11. Nxe5 Bg7 12. Nc4 Ba6 13. Nbd2 Rd8 14. Qf3 O-O 15. Nb3 Nf5 16. c3 Rd5 17. Ne3 Re5 18. Rd1 Rd8 $6 {Inaccuracy. Nh4 was best.} (18... Nh4 19. Qg3) 19. c4 Nh4 20. Qh3 f5 $6 {Inaccuracy. Nf5 was best.} (20... Nf5 21. Nxf5 exf5 22. Bd2 Rde8 23. Bc3 Re2 24. Bxg7 Kxg7 25. Qxf5 R8e5 26. Qh3) 21. f4 gxf4 22. Nf1 Qe7 23. Bxf4 Re2 24. Rd2 Nxg2 25. Bg3 Rxd2 26. Nbxd2 f4 27. Bf2 Ne3 28. Bh4 Bf6 29. Bxf6 Qxf6 30. Nxe3 fxe3 31. Qxe3 Qf5 $6 {Inaccuracy. Kh8 was best.} (31... Kh8 32. Rf1 Rg8+ 33. Kh2 Qh4+ 34. Qh3 Qg5 35. Ne4 Qe5+ 36. Ng3 Rg5 37. Qg2) 32. Rf1 $6 {Inaccuracy. Qg3+ was best.} (32. Qg3+ Kh8 33. Rf1 Qxh5 34. Kf2 Rf8+ 35. Nf3 Qf7 36. Rg1 Kh7 37. Ke2 Rg8) 32... Rxd3 33. Rxf5 Rxe3 34. Rxc5 Re2 35. Nb3 Rxb2 36. Rxc6 Rxa2 37. Nd4 Ra4 38. Rxe6 Bxc4 39. Rg6+ Kh7 40. Nf5 Ra6 41. Nxh6 Rxg6+ 42. hxg6+ Kxh6 43. Kf2 a5 44. Ke3 a4 45. Kd2 a3 46. Kc2 Ba2 47. Kc3 1/2-1/2

[Event "Sharjah Master 2024"]
[Site "Shsrjah - Abu Dhabi"]
[Date "2024.05.17"]
[Round "?"]
[White "Suleymanli, Aydin"]
[Black "Daneshvar, Bardiya"]
[Result "0-1"]
[WhiteElo "2621"]
[BlackElo "2581"]
[PlyCount "124"]
[EventDate "2024.05.14"]
[EventCountry "UAE"]

1. e4 e5 2. Nf3 Nc6 3. Bb5 Nf6 4. d3 Bc5 5. c3 O-O 6. Bg5 h6 ({RR} 6... Re8 7. Nbd2 Bf8 8. h3 a6 9. Ba4 d6 10. O-O h6 11. Be3 d5 12. Bxc6 bxc6 13. Re1 a5 14. Qc2 Nh7 15. Rad1 f5 16. Nf1 Nf6 17. Bc1 Bd6 18. N1d2 a4 19. c4 fxe4 20. dxe4 d4 21. Nh4 {Balajayeva,K (2350)-Javakhishvili,L (2438) Tbilisi GEO 2024 ½-½ (50)}) 7. Bh4 Be7 8. O-O d6 9. Bg3 $146 ({RR} 9. Bxc6 bxc6 10. Nbd2 c5 11. Nc4 Be6 12. Re1 Bxc4 13. dxc4 Nd7 14. Bxe7 Qxe7 15. Nd2 Rab8 16. Qc2 Qe6 17. b3 f5 18. exf5 Qxf5 19. Ne4 Nf6 20. f3 Nxe4 21. Rxe4 Qg6 22. Qd3 a5 23. Rb1 Kh8 {Suleymanli,A (2609)-Fressinet,L (2637) Samarkand UZB 2023 ½-½ (43)}) 9... a6 10. Ba4 Re8 11. Nbd2 Bf8 12. h3 b5 13. Bc2 Bb7 14. Re1 Nb8 15. d4 Nbd7 16. b3 g6 17. d5 $6 {Inaccuracy. a4 was best.} (17. a4) 17... c6 18. c4 cxd5 19. cxd5 Qa5 20. a3 Qc3 21. Re3 Qc7 22. b4 Rec8 23. Bd3 Nh5 24. Bh2 Nf4 25. Bf1 Nb6 26. g3 $2 {Mistake. Re1 was best.} (26. Re1) 26... Nh5 $6 {Inaccuracy. Nfxd5 was best.} (26... Nfxd5 27. exd5 Nxd5 28. Rb3 Nc3 29. Qe1 Bg7 30. Nh4 e4 31. g4 Qc6 32. Ng2) 27. Nh4 Na4 28. Nb3 Qd7 29. Na5 Ra7 30. Qg4 Qxg4 31. hxg4 Nf6 32. f3 Ba8 33. Kh1 Rac7 34. Bg1 Be7 35. Ree1 Nd7 36. Ng2 Bg5 $6 {Inaccuracy. Rc3 was best.} (36... Rc3) 37. Ne3 $6 {Inaccuracy. Be3 was best.} (37. Be3 Bxe3) 37... Rc3 38. Kg2 Kg7 39. Bf2 Bd8 40. Nd1 Rc2 41. Ne3 R2c7 42. Reb1 Bg5 43. Re1 Ndb6 44. Be2 Rc3 45. Nd1 Rc1 46. Ra2 $4 {Blunder. Ne3 was best.} (46. Ne3 R1c3) 46... Nxd5 47. Nb3 R1c7 48. exd5 Bxd5 49. Rd2 Bxb3 50. Rxd6 Rc6 51. Rxc6 Rxc6 52. Be3 Rc2 53. f4 exf4 54. gxf4 Bh4 55. Nf2 Bd5+ $6 {Inaccuracy. Nc3 was best.} (55... Nc3) 56. Bf3 Bxf3+ 57. Kxf3 Rc3 58. Rh1 Bd8 59. Ne4 Rxa3 60. Ke2 $2 {Mistake. Kf2 was best.} (60. Kf2 Rd3 61. Ke2 Rd5 62. Rc1 a5 63. bxa5 Bxa5 64. f5 gxf5 65. gxf5 Rxf5) 60... Bb6 61. Nc5 $2 {Mistake. Bc1 was best.} (61. Bc1 Ra2+ 62. Bd2 Bc7 63. Ke3 Rc2 64. Rh2 f5 65. gxf5 gxf5 66. Ng3 Kg6) 61... Nc3+ 62. Kf2 Ne4+ 0-1

[Event "Sharjah Master 2024"]
[Site "Shsrjah - Abu Dhabi"]
[Date "2024.05.17"]
[Round "?"]
[White "Maurizzi, Marc`Andria"]
[Black "Iniyan, Pa"]
[Result "1/2-1/2"]
[WhiteElo "2617"]
[BlackElo "2493"]
[PlyCount "42"]
[EventDate "2024.05.14"]
[EventCountry "UAE"]

1. e4 c5 2. Nf3 d6 3. d4 cxd4 4. Nxd4 Nf6 5. Nc3 a6 6. Bg5 e6 7. f4 Nbd7 8. Qf3 Qc7 9. O-O-O b5 10. Bxf6 Nxf6 11. f5 b4 12. Ncb5 Qb7 13. e5 Qxf3 14. gxf3 axb5 15. exf6 gxf6 16. Bxb5+ Bd7 17. fxe6 fxe6 18. Nxe6 Rxa2 19. Bc4 Ra1+ 20. Kd2 Bh6+ 21. Kd3 Rxd1+ 1/2-1/2